[Event "38th Olympiad w"]
[Site "Dresden GER"]
[Date "2008.11.13"]
[Round "1"]
[White "Nyamtuya,O"]
[Black "Fakhiridou,E"]
[Result "0-1"]
[WhiteElo "1958"]
[BlackElo "2248"]
[EventDate "2008.11.13"]

1. e4 c5 2. c3 Nf6 3. e5 Nd5 4. d4 cxd4 5. Nf3 Nc6 6. Bc4 Nb6 7. Bb3 g6 8.
cxd4 Bg7 9. O-O O-O 10. Nc3 d6 11. Bf4 Bg4 12. exd6 Nxd4 13. dxe7 Qxe7 14.
Re1 Qd8 15. Re3 Bxf3 16. gxf3 Qf6 17. Bg3 Rad8 18. Kg2 Nxb3 19. Qxb3 h5 20.
h4 Qc6 21. Ne4 Nc4 22. Re2 Rfe8 23. Rc1 b5 24. Rec2 a6 25. Qb4 Qe6 26. b3
Ne5 27. Nc5 Qb6 28. Re1 a5 29. Qe4 f5 30. Qf4 Kh7 31. Qc1 Rd5 32. f4 Rxc5
33. Rxc5 Nd3 34. Rxe8 Nxc1 35. Rxc1 Bf6 36. Rec8 Qb7+ 37. f3 Qd5 38. R1c2
a4 39. bxa4 bxa4 40. Bf2 Qd6 41. R2c7+ Kh6 42. Rc6 Qd7 43. R8c7 Qd8 44. Rf7
Be7 45. Re6 Bxh4 46. Bxh4 Qxh4 47. Rff6 Qxf4 48. Rxg6+ Kh7 49. Rg3 h4 50.
Re7+ Kh6 51. Rgg7 h3+ 52. Kxh3 Qxf3+ 53. Kh4 Qf2+ 54. Kh3 Qxa2 55. Ra7 Qb3+
56. Kh4 Qc4+ 57. Kh3 Qf1+ 58. Rg2 Qh1+ 59. Kg3 f4+ 60. Kf2 Qh4+ 61. Kf1 Qh3
62. Ra6+ Kh5 63. Kg1 Qe3+ 64. Kh2 Qe5 65. Rxa4 f3+ 66. Rg3 f2 67. Ra7 Qxg3+
0-1

[Event "38th Olympiad w"]
[Site "Dresden GER"]
[Date "2008.11.13"]
[Round "1"]
[White "Tetenkina,I"]
[Black "Schoene,Mar"]
[Result "0-1"]
[WhiteElo "2243"]
[BlackElo "2198"]
[EventDate "2008.11.13"]

1. Nf3 g6 2. c4 Bg7 3. g3 d6 4. d4 Nf6 5. Bg2 O-O 6. O-O Nc6 7. Nc3 a6 8.
h3 Bd7 9. e4 e5 10. Be3 exd4 11. Nxd4 Qc8 12. Kh2 Re8 13. Qd2 Re5 14. Nxc6
bxc6 15. f3 Rb8 16. Rab1 c5 17. Ne2 Bc6 18. b3 Qb7 19. Nf4 Ree8 20. Nd3 Nd7
21. Rbe1 Qa8 22. Bg1 a5 23. Re2 a4 24. b4 cxb4 25. Nxb4 Nc5 26. Rfe1 Rxb4
27. Qxb4 Nd3 28. Qd2 Nxe1 29. Qxe1 Qa6 30. c5 Bb5 31. Rc2 Bd3 32. Rc1 d5
33. Qb4 dxe4 34. fxe4 c6 35. Rd1 Be5 36. Bd4 Qc4 37. Qxc4 Bxc4 38. Bxe5
Rxe5 39. a3 Bb5 40. Rc1 Bd3 41. g4 Bxe4 42. Rc4 Bxg2 43. Kxg2 h5 44. Rxa4
Rxc5 45. gxh5 Rxh5 46. Rc4 Ra5 47. a4 Kf8 48. Rxc6 Rxa4 49. Kg3 Kg7 50. Rb6
Ra3+ 51. Kg2 f5 52. Rc6 Kh6 53. Rb6 Kh5 54. Rf6 Kg5 55. Rb6 f4 56. Rc6 Rg3+
57. Kh2 Kh4 58. Rf6 Rxh3+ 59. Kg2 Rg3+ 60. Kf2 Kg5 61. Ra6 Rb3 62. Rc6 Kf5
63. Ra6 g5 64. Rc6 Rb2+ 65. Kf1 Kg4 66. Rc3 f3 67. Rc5 Kf4 0-1

[Event "38th Olympiad w"]
[Site "Dresden GER"]
[Date "2008.11.13"]
[Round "1"]
[White "Mader,Ma"]
[Black "Agrest,I"]
[Result "1/2-1/2"]
[WhiteElo "2132"]
[BlackElo "2215"]
[EventDate "2008.11.13"]

1. e4 e5 2. Nf3 Nc6 3. Bb5 f5 4. Nc3 fxe4 5. Nxe4 Nf6 6. Nxf6+ Qxf6 7. Qe2
Be7 8. O-O O-O 9. Bxc6 dxc6 10. Nxe5 Bd6 11. d4 c5 12. Be3 Be6 13. f4 cxd4
14. Bxd4 Rae8 15. Rae1 Qh4 16. Qf2 Qh6 17. b3 b6 18. c4 Bf5 19. Qf3 Qh4 20.
g3 Qh6 21. g4 Bxe5 22. Bxe5 Qg6 23. g5 c6 24. Rd1 Be4 25. Qg3 Qf5 26. Rfe1
Rd8 27. Bc7 Rde8 28. Bd6 Rf7 29. Be5 c5 30. Rd6 Rff8 31. Red1 Re7 32. h4
Bb7 33. Re1 Rfe8 34. h5 Re6 35. Rxe6 Rxe6 36. Re2 Bc6 37. Kh2 Qb1 38. Qg1
Qd3 39. Qf2 Qf5 40. Rd2 Qg4 41. Rd8+ Kf7 42. Rc8 Qxh5+ 43. Kg3 Bd7 44. Rc7
Rd6 45. Qe3 Rd3 46. Rxd7+ Rxd7 47. f5 Re7 48. a3 Kg8 49. b4 cxb4 50. axb4
Qf7 51. Qe4 Qe8 52. Kf4 Qh5 53. Qd5+ Kf8 54. Bd6 Qh2+ 55. Kg4 Qg1+ 56. Kh4
Qe1+ 57. Kg4 Qe2+ 58. Kh4 Qf2+ 59. Kg4 Qe2+ 60. Kh4 Qe1+ 61. Kg4 Ke8 62.
Qa8+ Kf7 63. Qd5+ Ke8 64. Qa8+ Kf7 65. Qd5+ 1/2-1/2

[Event "38th Olympiad w"]
[Site "Dresden GER"]
[Date "2008.11.13"]
[Round "1"]
[White "Pavlovskaia,E"]
[Black "Endress,A"]
[Result "1-0"]
[WhiteElo "2197"]
[BlackElo "2067"]
[EventDate "2008.11.13"]

1. e4 c5 2. Nf3 e6 3. d4 cxd4 4. Nxd4 a6 5. Bd3 Bc5 6. Nb3 Be7 7. O-O d6 8.
Be3 Nf6 9. c4 b6 10. Nc3 Bb7 11. Rc1 Nbd7 12. f4 O-O 13. Qe2 Rc8 14. Kh1
Re8 15. Bg1 Bf8 16. Rcd1 Qc7 17. Rfe1 Nc5 18. Nxc5 bxc5 19. e5 Nd7 20. exd6
Bxd6 21. Bxh7+ Kxh7 22. Qd3+ g6 23. Qxd6 Qxd6 24. Rxd6 Nf6 25. h3 Kg7 26.
Kh2 Rh8 27. b3 Rh5 28. Be3 e5 29. fxe5 Ng4+ 30. Kg3 Nxe3 31. Rxe3 Rg5+ 32.
Kf2 Rxg2+ 33. Ke1 g5 34. e6 g4 35. Rd7 Bc6 36. Rxf7+ Kg6 37. hxg4 Rh8 38.
Rf2 Rxg4 39. e7 Rg1+ 40. Kd2 Be8 41. Ne4 1-0

[Event "38th Olympiad w"]
[Site "Dresden GER"]
[Date "2008.11.13"]
[Round "1"]
[White "Klinova,M"]
[Black "Leite,C"]
[Result "1/2-1/2"]
[WhiteElo "2327"]
[BlackElo "2153"]
[EventDate "2008.11.13"]

1. e4 e5 2. Nf3 Nc6 3. Bc4 Bc5 4. d3 Nf6 5. O-O d6 6. c3 a6 7. Bb3 Ba7 8.
Nbd2 O-O 9. h3 Ne7 10. Re1 Ng6 11. Nf1 h6 12. Ng3 c6 13. d4 Qc7 14. Be3 Re8
15. Qd2 Be6 16. Bc2 Rad8 17. Nf5 Bxf5 18. exf5 e4 19. Nh2 Nh4 20. Ng4 Qd7
21. Bxh6 Qxf5 22. Bg5 Nxg4 23. Bxd8 Nxg2 24. hxg4 Nxe1 25. gxf5 Nf3+ 26.
Kg2 Nxd2 27. Bh4 d5 28. Rh1 Bb8 29. f6 Re6 30. Bd1 Bf4 31. Bg4 Rd6 32. fxg7
Rg6 33. Kh3 Kxg7 34. Bf5 Rh6 35. Kg4 Bd6 36. Rc1 Nf3 37. Bg3 b6 38. Bxd6
Rxd6 39. Bc8 a5 40. Kf4 Kf8 41. Bg4 Ke7 42. Rh1 Rf6+ 43. Ke3 Kd6 44. Rh8
Kc7 45. Rc8+ Kb7 46. Re8 c5 47. Rd8 Kc6 48. Rc8+ Kd6 49. Rd8+ Kc6 50. Rc8+
Kd6 51. Rd8+ Kc6 52. Rc8+ 1/2-1/2

[Event "38th Olympiad w"]
[Site "Dresden GER"]
[Date "2008.11.13"]
[Round "1"]
[White "Pintor,A"]
[Black "Igla,B"]
[Result "0-1"]
[WhiteElo "2152"]
[BlackElo "2254"]
[EventDate "2008.11.13"]

1. e4 c5 2. Nf3 d6 3. d4 cxd4 4. Nxd4 Nf6 5. Nc3 g6 6. g3 Bg7 7. Bg2 O-O 8.
O-O Nfd7 9. Nd5 Nc6 10. Ne2 b6 11. c3 Ba6 12. f4 Rc8 13. Rf2 Nc5 14. g4 Nd3
15. Rf3 Nxc1 16. Nxc1 Na5 17. Qe1 e6 18. Nb4 Bb7 19. Nb3 Nc4 20. Rb1 a5 21.
Nc2 a4 22. Nbd4 e5 23. Nb5 Qd7 24. b3 Qxb5 25. bxc4 Qxc4 26. Rb4 Qc5+ 27.
Kh1 exf4 28. c4 g5 29. Rh3 h6 30. Rd3 Rfe8 31. Rxa4 d5 32. Ra7 Ba8 33. Na3
dxe4 34. Rdd7 f3 35. Rxf7 fxg2+ 36. Kxg2 Bd4 37. Nc2 Rf8 38. Rfd7 e3+ 39.
Kg1 Qc6 40. Rd5 e2+ 41. Nxd4 Rf1+ 42. Kg2 Qxd5+ 43. cxd5 Bxd5+ 0-1

[Event "38th Olympiad w"]
[Site "Dresden GER"]
[Date "2008.11.13"]
[Round "1"]
[White "Vasiliev,Olg"]
[Black "Baptista,A"]
[Result "1-0"]
[WhiteElo "2235"]
[BlackElo "2168"]
[EventDate "2008.11.13"]

1. e4 c5 2. Nf3 d6 3. d4 cxd4 4. Nxd4 Nf6 5. Nc3 Nc6 6. f4 Qb6 7. Nf3 Bg4
8. h3 Bxf3 9. Qxf3 Nd4 10. Qf2 Rc8 11. Bd3 e5 12. O-O exf4 13. Bxf4 d5 14.
Be3 Bc5 15. e5 Ne2+ 16. Qxe2 Bxe3+ 17. Kh1 Rxc3 18. exf6 Rc7 19. Rae1 d4
20. fxg7 Rg8 21. Qg4 f5 22. Qxf5 Rcxg7 23. Qe5+ Kd8 24. Bxh7 Rg5 25. Qb8+
1-0

[Event "38th Olympiad w"]
[Site "Dresden GER"]
[Date "2008.11.13"]
[Round "1"]
[White "Coimbra,M"]
[Black "Efroimski,M"]
[Result "0-1"]
[WhiteElo "2105"]
[BlackElo "2091"]
[EventDate "2008.11.13"]

1. e4 e6 2. d4 d5 3. Nd2 Nf6 4. e5 Nfd7 5. Bd3 c5 6. c3 Nc6 7. Ne2 cxd4 8.
cxd4 f6 9. exf6 Nxf6 10. Nf3 Bd6 11. O-O O-O 12. Bf4 Bxf4 13. Nxf4 Ne4 14.
Qc1 Ng5 15. Nxg5 Qxg5 16. Ne2 Qh5 17. Qe3 Rf6 18. Rac1 Bd7 19. Bb5 Raf8 20.
Bxc6 Bxc6 21. Nc3 Rh6 22. h3 Rg6 23. Kh2 e5 24. Ne2 Bb5 25. Ng3 Qh4 26.
Rfd1 e4 27. Rc5 Bc6 28. Rd2 Rgf6 29. Rdc2 g5 30. Kg1 g4 31. hxg4 Qxg4 32.
Qe2 Qh4 33. Qh5 Qf4 34. Qe2 Rh6 35. Qe3 Qh4 36. Kf1 Rg6 37. Kg1 Rh6 38. Kf1
a6 39. b3 Rg6 40. R2c3 Bb5+ 41. Ke1 Qh2 42. Rxb5 Qg1+ 43. Ke2 axb5 44. Rc7
Qxg2 45. Rxb7 Qf3+ 46. Qxf3 exf3+ 47. Ke1 Ra6 48. Rxb5 Re8+ 49. Kd1 Rxa2
50. Rxd5 Rxf2 51. Rg5+ Kh8 52. Rf5 Ra8 0-1

[Event "38th Olympiad w"]
[Site "Dresden GER"]
[Date "2008.11.13"]
[Round "1"]
[White "Winkelmann,E"]
[Black "Calzetta,M"]
[Result "0-1"]
[WhiteElo "2096"]
[BlackElo "2328"]
[EventDate "2008.11.13"]

1. c4 c5 2. g3 Nf6 3. Bg2 g6 4. Nc3 d6 5. Nf3 Nc6 6. O-O Bg7 7. d3 O-O 8.
a3 Rb8 9. Rb1 b6 10. b4 Bb7 11. b5 Na5 12. Bd2 e5 13. Ne1 e4 14. Na4 exd3
15. exd3 Nd7 16. Bxb7 Nxb7 17. Nc3 h6 18. Nd5 Nf6 19. Qf3 Nxd5 20. Qxd5 Re8
21. Ng2 Re5 22. Qf3 Qd7 23. Ne3 Rbe8 24. Nd5 Nd8 25. Rbc1 Ne6 26. Be3 Rf5
27. Qg2 h5 28. Rfe1 Bb2 29. Rc2 Bxa3 30. Ra1 Bb4 31. Rca2 Ba5 32. h3 Qd8
33. g4 hxg4 34. hxg4 Re5 35. Qg3 Nc7 36. Nxc7 Qxc7 37. Kg2 Qb7+ 38. Qf3
Qxf3+ 39. Kxf3 f5 40. g5 R8e7 41. Rh1 Rh7 42. Rxh7 Kxh7 43. Ra1 Kg8 44. Rh1
Bc3 45. Rc1 Ba5 46. Rh1 Re6 47. Rc1 Kf7 48. Ra1 Re7 49. Rc1 Ke6 50. Rc2 Rh7
51. Kg2 Kd7 52. Rc1 Rh4 53. f4 Rh8 54. Kg3 Kc8 55. Kg2 Kb7 56. d4 a6 57.
bxa6+ Kxa6 58. dxc5 bxc5 59. Rd1 Bc7 60. Rb1 Rb8 61. Rh1 Kb7 62. Rh6 Rg8
63. Kf3 Kc6 64. Rh7 Ba5 65. Ra7 Bc7 66. Ra6+ Bb6 67. Ra1 d5 68. cxd5+ Kxd5
69. Rd1+ Kc6 70. Rh1 Re8 71. Rb1 Re4 72. Rb2 Bc7 73. Ra2 Rb4 74. Rh2 Re4
75. Ra2 Bb6 76. Rb2 Rb4 77. Rh2 Re4 78. Rb2 Re6 79. Rb1 Bc7 80. Rc1 Bd6 81.
Rc2 Re4 82. Ra2 Bc7 83. Ra1 Kb5 84. Ra7 Bb6 85. Rf7 Re6 86. Rf6 Rxf6 87.
gxf6 Bd8 88. f7 Be7 89. Ke2 Kc4 90. Bf2 Bf8 91. Bh4 Kd5 92. Kd3 Ke6 93. Kc4
Kxf7 94. Kd5 Be7 95. Bf2 Kg7 96. Ke6 Bf8 97. Bh4 Kh6 98. Bg5+ Kh5 99. Kd5
Bh6 0-1

[Event "38th Olympiad w"]
[Site "Dresden GER"]
[Date "2008.11.13"]
[Round "1"]
[White "Pares Vives,N"]
[Black "Steinbacher,C"]
[Result "1-0"]
[WhiteElo "2299"]
[BlackElo "2203"]
[EventDate "2008.11.13"]

1. e4 c5 2. Nf3 e6 3. d4 cxd4 4. Nxd4 a6 5. Nc3 Qc7 6. Bd3 Nf6 7. Qe2 d6 8.
f4 Be7 9. g4 b5 10. g5 Nfd7 11. a3 Nc6 12. Be3 Bb7 13. f5 Nxd4 14. Bxd4 e5
15. Be3 Nb6 16. O-O-O Rc8 17. f6 Bf8 18. Rhf1 gxf6 19. Qf2 Nd7 20. gxf6 Rg8
21. Nd5 Qd8 22. h4 Nc5 23. h5 Bxd5 24. exd5 Nxd3+ 25. Rxd3 Rc4 26. b3 Rcg4
27. Rc3 Qd7 28. Bb6 Bh6+ 29. Kb2 Rf4 30. Qe1 Qf5 31. Rxf4 Bxf4 32. Be3 Rg4
33. Bxf4 Rxf4 34. Qg3 Rg4 35. Qe3 Rd4 36. Rc7 Qxf6 37. Qh3 Rxd5 38. Qc8+
Qd8 39. Qb7 Rc5 40. Rxf7 e4 41. b4 Re5 42. Rxh7 Re7 43. Rh8+ Kf7 44. Qd5+
1-0

[Event "38th Olympiad w"]
[Site "Dresden GER"]
[Date "2008.11.13"]
[Round "1"]
[White "Delgado Crespo,M"]
[Black "Ulms,S"]
[Result "1/2-1/2"]
[WhiteElo "2277"]
[BlackElo "2160"]
[EventDate "2008.11.13"]

1. e4 c5 2. Nf3 d6 3. d4 cxd4 4. Qxd4 a6 5. Be3 Nc6 6. Qb6 Qxb6 7. Bxb6 Nf6
8. Nc3 Be6 9. O-O-O Nd7 10. Be3 Rc8 11. Nd5 g6 12. Kb1 Bg7 13. Be2 Nce5 14.
Nxe5 Nxe5 15. Bd4 Bxd5 16. exd5 O-O 17. Rhe1 Rfe8 18. f4 Nc4 19. Bf1 b5 20.
g3 Bxd4 21. Rxd4 Nb6 22. Bh3 Rc5 23. Red1 Ra8 24. a3 Ra7 25. Bf1 Rac7 26.
R1d2 Rc8 27. Bh3 R8c7 28. Bf1 Rc8 29. Bh3 R8c7 30. Bf1 Rc8 31. Bh3 1/2-1/2

[Event "38th Olympiad w"]
[Site "Dresden GER"]
[Date "2008.11.13"]
[Round "1"]
[White "Daulyte,D"]
[Black "Perena,C"]
[Result "1-0"]
[WhiteElo "2278"]
[BlackElo "2210"]
[EventDate "2008.11.13"]

1. e4 e5 2. Nf3 Nf6 3. Nxe5 d6 4. Nf3 Nxe4 5. Nc3 Nf6 6. d4 Bg4 7. Be2 Be7
8. Bf4 O-O 9. Qd2 d5 10. h3 Bf5 11. Ne5 c6 12. O-O-O Bb4 13. f3 Qa5 14. g4
Be6 15. Kb1 Nfd7 16. Nd3 Bxc3 17. Qxc3 Qxc3 18. bxc3 a5 19. Rde1 Na6 20.
Bd6 Rfe8 21. f4 Nb6 22. f5 Nc4 23. Bf4 Bd7 24. Ne5 Nxe5 25. Bxe5 f6 26. Bd6
Kf7 27. Kc1 b5 28. Kd2 Rad8 29. Bg3 c5 30. a4 cxd4 31. cxd4 Nb4 32. axb5
Rxe2+ 33. Rxe2 Bxb5 34. Re3 Nc6 35. Rb1 Na7 36. Bc7 Rc8 37. Bxa5 1-0

[Event "38th Olympiad w"]
[Site "Dresden GER"]
[Date "2008.11.13"]
[Round "1"]
[White "Cua,Sherc"]
[Black "Limontaite,S"]
[Result "1-0"]
[WhiteElo "2154"]
[BlackElo "2197"]
[EventDate "2008.11.13"]

1. d4 d5 2. c4 e6 3. Nf3 Nf6 4. g3 dxc4 5. Bg2 Nc6 6. O-O Rb8 7. a4 a6 8.
Nc3 Bb4 9. Bg5 O-O 10. Rc1 Be7 11. Nb1 Na5 12. Bd2 c6 13. Bxa5 Qxa5 14.
Rxc4 c5 15. dxc5 Bxc5 16. Qc2 Be7 17. Nbd2 Qh5 18. Nb3 Bd7 19. Nc5 Bc6 20.
Nxa6 Ra8 21. Nc5 Bd5 22. Rc3 b6 23. Nd3 Bd6 24. Qd1 Rfd8 25. Nd2 Ng4 26. h3
Bxg2 27. Kxg2 Nf6 28. e4 Qh6 29. Qc2 Bb4 30. Nxb4 Qxd2 31. Nc6 Qxc2 32.
Rxc2 Re8 33. e5 Nd5 34. b3 Kf8 35. Rfc1 Rec8 36. Nd4 Rxc2 37. Rxc2 Ke8 38.
Nb5 Kd7 39. Rc4 h6 40. h4 h5 41. Nc3 Nxc3 42. Rxc3 Ra5 43. f4 Rd5 44. Kf3
Rd1 45. Ke2 Rg1 46. Kf2 Rd1 47. Ke3 Rg1 48. Kd4 Ra1 49. Kc4 Kc6 50. Kb4+
Kb7 51. Rd3 Kc7 52. Kb5 Rc1 53. b4 Rg1 54. Rc3+ Kb7 55. Rc6 Rxg3 56. Rxb6+
Ka7 57. Rd6 1-0

[Event "38th Olympiad w"]
[Site "Dresden GER"]
[Date "2008.11.13"]
[Round "1"]
[White "Sarakauskiene,Z"]
[Black "Rivera,Dai"]
[Result "1-0"]
[WhiteElo "2188"]
[BlackElo "2073"]
[EventDate "2008.11.13"]

1. e4 c5 2. Nf3 d6 3. d4 cxd4 4. Nxd4 a6 5. Nc3 Nf6 6. Bg5 e6 7. f4 Be7 8.
Qf3 Qc7 9. O-O-O Nbd7 10. g4 b5 11. Bxf6 Nxf6 12. g5 Nd7 13. f5 Ne5 14. Qg3
b4 15. Nce2 Bb7 16. Bg2 Rc8 17. fxe6 O-O 18. exf7+ Nxf7 19. h4 Qa5 20. Kb1
Qe5 21. Qb3 Bxe4 22. Bxe4 Qxe4 23. Ng3 Qb7 24. Ne6 Rfe8 25. Nf5 Rc6 26.
Nexg7 Rf8 27. Ne6 Rfc8 28. Nh6+ Nxh6 1-0

[Event "38th Olympiad w"]
[Site "Dresden GER"]
[Date "2008.11.13"]
[Round "1"]
[White "Camacho,C"]
[Black "Ziogaite,J"]
[Result "1-0"]
[WhiteElo "2100"]
[BlackElo "2093"]
[EventDate "2008.11.13"]

1. e4 c5 2. Nf3 Nc6 3. d4 cxd4 4. Nxd4 Nf6 5. Nc3 e5 6. Ndb5 d6 7. a4 a6 8.
Na3 Bg4 9. f3 Be6 10. Be3 d5 11. exd5 Nxd5 12. Nxd5 Bxd5 13. Be2 Qh4+ 14.
Bf2 Qb4+ 15. Qd2 Qxd2+ 16. Kxd2 Rd8 17. Ke1 Be7 18. Be3 O-O 19. Kf2 Bh4+
20. g3 Be7 21. Rhd1 Nd4 22. Bxd4 exd4 23. Bd3 Bb4 24. Be4 Bxe4 25. fxe4
Rfe8 26. Kf3 Rd6 27. Nc4 Rf6+ 28. Ke2 Rxe4+ 29. Kd3 Rfe6 30. c3 Bc5 31. b4
Ba7 32. b5 Bc5 33. bxa6 bxa6 34. Rab1 f5 35. Rb8+ Kf7 36. Rc8 Re3+ 37. Nxe3
Rxe3+ 38. Kc4 Rxc3+ 39. Kd5 Be7 40. Rxc3 dxc3 41. Kc4 Bf6 42. Kd3 a5 43.
Rb1 Bd8 44. Kxc3 Ke6 45. Kc4 g5 46. Rb8 Kd7 47. Kd5 f4 48. gxf4 gxf4 49.
Ke4 h6 50. Rb5 Bc7 51. Rh5 Kc6 52. h4 Bd8 53. Kxf4 1-0

[Event "38th Olympiad w"]
[Site "Dresden GER"]
[Date "2008.11.13"]
[Round "1"]
[White "Baklanova,T"]
[Black "Le Thanh Tu"]
[Result "0-1"]
[WhiteElo "2231"]
[BlackElo "2324"]
[EventDate "2008.11.13"]

1. d4 Nf6 2. c4 c5 3. d5 e6 4. Nc3 exd5 5. cxd5 d6 6. e4 g6 7. f3 Bg7 8.
Bg5 O-O 9. Qd2 a6 10. a4 Re8 11. Nge2 Nbd7 12. Nd1 Rb8 13. Nec3 h6 14. Be3
Kh7 15. Be2 Qc7 16. O-O b6 17. Nf2 c4 18. Rfc1 Ne5 19. h3 g5 20. Bd4 Nh5
21. b3 cxb3 22. Nb5 Qd8 23. Nc7 Rf8 24. Nxa6 Bxa6 25. Bxa6 Nf4 26. Rab1 b5
27. Bxb5 Nxf3+ 28. gxf3 Bxd4 29. Qxd4 Rxb5 30. Kf1 Rb7 31. Rc6 h5 32. Qc3
Qb8 33. Qf6 Rg8 34. a5 Rg6 35. Qc3 Rb4 36. Ke1 Qb5 37. Rb2 Qxa5 38. Rc4
Qa1+ 39. Nd1 Rxc4 40. Qxc4 h4 41. Qxb3 Nxh3 42. Qb7 Rf6 43. Qc8 Qa5+ 44.
Rd2 Ng1 45. Nc3 Nxf3+ 46. Ke2 Nxd2 47. Kxd2 Qb4 48. Qg4 Qd4+ 49. Kc2 Kg6
50. Kb3 Qe3 51. Qc8 Kg7 52. Qc4 h3 0-1

[Event "38th Olympiad w"]
[Site "Dresden GER"]
[Date "2008.11.13"]
[Round "1"]
[White "Pham Le Thao Nguyen"]
[Black "Ryvova,A"]
[Result "1-0"]
[WhiteElo "2304"]
[BlackElo "2009"]
[EventDate "2008.11.13"]

1. d4 d5 2. Nf3 c6 3. e3 Nf6 4. c4 e6 5. Nbd2 Nbd7 6. b3 c5 7. Bb2 b6 8.
cxd5 Nxd5 9. Be2 Bb7 10. O-O N5f6 11. Nc4 Be7 12. Rc1 O-O 13. Bd3 Rc8 14.
Qe2 Be4 15. Bxe4 Nxe4 16. Rfd1 Qc7 17. Nfe5 Rfd8 18. Nxd7 Rxd7 19. Ne5 Rdd8
20. dxc5 Rxd1+ 21. Qxd1 bxc5 22. Qf3 Nf6 23. h3 h6 24. Rd1 Rd8 25. Rxd8+
Bxd8 26. Qa8 Kh7 27. Nxf7 Qxf7 28. Qxd8 Nd5 29. Qa5 Qf5 30. Qe1 Nb4 31. Qc3
Qf8 32. a3 Nd5 33. Qe5 Qf6 34. Qxf6 Nxf6 35. Kf1 Nd7 36. Ke2 g6 37. Kd3 Kg8
38. Kc4 Kf7 39. Kb5 e5 40. Kc6 Ke6 41. e4 h5 42. Bc1 Ke7 43. Be3 1-0

[Event "38th Olympiad w"]
[Site "Dresden GER"]
[Date "2008.11.13"]
[Round "1"]
[White "Gerasimova,O"]
[Black "Le Kieu Thien Kim"]
[Result "1/2-1/2"]
[WhiteElo "2316"]
[BlackElo "2291"]
[EventDate "2008.11.13"]

1. e4 e5 2. Nf3 Nf6 3. Nxe5 d6 4. Nf3 Nxe4 5. d4 d5 6. Bd3 Nc6 7. h3 Be7 8.
O-O O-O 9. c3 Bf5 10. Qc2 Bg6 11. Bf4 Re8 12. Re1 Bd6 13. Bxd6 Qxd6 14.
Nbd2 Nxd2 15. Qxd2 a6 16. Bf1 h6 17. g3 Be4 18. Nh4 Qd7 19. Kh2 Nd8 20. Ng2
Ne6 21. f4 g5 22. h4 Qd8 23. hxg5 hxg5 24. Bd3 Bxg2 25. Qxg2 gxf4 26. gxf4+
Kf8 27. Qg4 Qf6 28. Kg3 Ke7 29. Kf3 Rh8 30. Rh1 Rag8 31. Qf5 Qg7 32. Rag1
Rxh1 33. Rxg7 Rxg7 34. Be2 Rh4 35. Qxd5 Rxf4+ 36. Ke3 Rg3+ 37. Kd2 Rf2 38.
Qxb7 Rgg2 39. Qxa6 Nf4 40. Qa3+ Kf6 41. Qa6+ Kg7 42. Ke3 Nd5+ 43. Ke4 Nf6+
44. Ke3 Nd5+ 45. Ke4 Nf6+ 46. Ke3 Nd5+ 47. Ke4 1/2-1/2

[Event "38th Olympiad w"]
[Site "Dresden GER"]
[Date "2008.11.13"]
[Round "1"]
[White "Hoang Thi Bao Tram"]
[Black "Mucha,A"]
[Result "1-0"]
[WhiteElo "2250"]
[BlackElo "1965"]
[EventDate "2008.11.13"]

1. d4 f5 2. g3 Nf6 3. Bg2 g6 4. c4 Bg7 5. Nc3 d6 6. Nf3 O-O 7. d5 a5 8. O-O
Na6 9. Be3 Qe8 10. Rc1 Ng4 11. Bd4 c6 12. Bxg7 Kxg7 13. e4 c5 14. Re1 f4
15. e5 fxg3 16. fxg3 Nxe5 17. Nxe5 dxe5 18. Rxe5 Qf7 19. Qe2 Kg8 20. Re1
Qf6 21. Nb5 Bf5 22. Rxe7 Nb4 23. Rf1 Qg5 24. Qe5 Rf7 25. Rxf7 Kxf7 26. Nd6+
Kg8 27. Nxf5 gxf5 28. Rxf5 Qc1+ 29. Bf1 Qh6 30. Rh5 1-0

[Event "38th Olympiad w"]
[Site "Dresden GER"]
[Date "2008.11.13"]
[Round "1"]
[White "Popova,N"]
[Black "Nguyen Thu Giang"]
[Result "1/2-1/2"]
[WhiteElo "2264"]
[BlackElo "2101"]
[EventDate "2008.11.13"]

1. e4 Nf6 2. e5 Nd5 3. d4 d6 4. c4 Nb6 5. exd6 cxd6 6. Nc3 g6 7. Be3 Bg7 8.
Rc1 O-O 9. b3 e5 10. dxe5 dxe5 11. Qxd8 Rxd8 12. c5 N6d7 13. Bc4 Nc6 14.
Nf3 Na5 15. Be2 b6 16. cxb6 Nxb6 17. Nb5 Bb7 18. O-O Nd5 19. Bg5 Rd7 20.
Rfd1 h6 21. Be3 a6 22. Na3 Rad8 23. Bc5 Nf4 24. Rxd7 Nxe2+ 25. Kf1 Ng3+ 26.
hxg3 Rxd7 27. Nc2 Nc6 28. Ke2 f5 29. Nd2 Kf7 30. Nc4 Ke6 31. b4 Ne7 32. Nb6
Rc7 33. Rd1 Nd5 34. Nxd5 Bxd5 35. Ne3 Rd7 36. Nxd5 Rxd5 37. Rc1 h5 38. a4
Rd7 39. Be3 Bf8 40. b5 axb5 41. axb5 Bd6 42. b6 f4 43. gxf4 exf4 44. Bd4
Kd5 45. Kd3 Rd8 46. b7 Rb8 47. Rb1 Kc6 48. Ke4 Rxb7 49. Rxb7 Kxb7 50. Kd5
Kc7 51. Be5 Bxe5 52. Kxe5 f3 53. g3 g5 54. Kf5 h4 55. gxh4 gxh4 56. Kg4 Kd6
57. Kxh4 Ke5 58. Kg4 Ke4 59. Kg3 Ke5 60. Kxf3 1/2-1/2

[Event "38th Olympiad w"]
[Site "Dresden GER"]
[Date "2008.11.13"]
[Round "1"]
[White "Moylan,L"]
[Black "Azarova,N"]
[Result "1/2-1/2"]
[WhiteElo "2114"]
[BlackElo "2308"]
[EventDate "2008.11.13"]

1. e4 c5 2. Nf3 d6 3. d4 cxd4 4. Nxd4 Nf6 5. Nc3 g6 6. Be3 Bg7 7. f3 O-O 8.
Qd2 Nc6 9. O-O-O d5 10. Qe1 e5 11. Nxc6 bxc6 12. exd5 Nxd5 13. Bc4 Be6 14.
Ne4 Qc7 15. Bc5 Rfd8 16. Qh4 h6 17. g4 Rd7 18. g5 h5 19. Rhg1 Rad8 20. Rde1
Qa5 21. a3 Nf4 22. Bxe6 Nxe6 23. Be3 Nd4 24. Qf2 Kh8 25. Bd2 Qb6 26. Bc3
Rb7 27. Qe3 c5 28. Nd2 Qe6 29. b3 Rdb8 30. Nc4 Nxb3+ 31. cxb3 Rxb3 32. Nxe5
Rb1+ 33. Kd2 Qa2+ 34. Kd3 Rd8+ 35. Ke4 Qc2+ 36. Kf4 Qxh2+ 37. Ke4 Rb7 38.
Re2 Qh3 39. f4 Qe6 40. Rd2 Re8 41. Qxc5 Kh7 42. Qd5 Qf5+ 43. Kf3 Rbe7 44.
Qe4 Qh3+ 45. Rg3 Qh1+ 46. Rgg2 Qh3+ 47. Rg3 Qh1+ 48. Rgg2 Qh3+ 49. Rg3 Qh1+
1/2-1/2

[Event "38th Olympiad w"]
[Site "Dresden GER"]
[Date "2008.11.13"]
[Round "1"]
[White "Berlin,T"]
[Black "Dekic,B"]
[Result "1-0"]
[WhiteElo "2218"]
[BlackElo "2103"]
[EventDate "2008.11.13"]

1. e4 c5 2. Nc3 Nc6 3. g3 g6 4. Bg2 Bg7 5. d3 d6 6. Be3 e6 7. Nf3 Nd4 8.
Qd2 Rb8 9. O-O b5 10. Nd1 Bb7 11. Ne1 Ne7 12. c3 Ndc6 13. Bh6 O-O 14. Bxg7
Kxg7 15. d4 cxd4 16. cxd4 b4 17. Ne3 Ba6 18. Nd3 Qb6 19. d5 exd5 20. exd5
Na5 21. Rfe1 Ng8 22. Rad1 Rfe8 23. b3 Qd4 24. Nc2 Rxe1+ 25. Qxe1 Qf6 26.
Ndxb4 Bc8 27. Nd4 Bd7 28. Na6 1-0

[Event "38th Olympiad w"]
[Site "Dresden GER"]
[Date "2008.11.13"]
[Round "1"]
[White "Rogule,L"]
[Black "Boric,E"]
[Result "1/2-1/2"]
[WhiteElo "2260"]
[BlackElo "2292"]
[EventDate "2008.11.13"]

1. c4 e5 2. Nc3 d6 3. g3 f5 4. Bg2 Nf6 5. d4 e4 6. f3 exf3 7. exf3 Nc6 8.
Nge2 g6 9. Bg5 h6 10. Be3 Bg7 11. Qd2 d5 12. Nf4 Ne7 13. Ncxd5 Nfxd5 14.
cxd5 O-O 15. Bf1 g5 16. Bc4 gxf4 17. d6+ Kh8 18. dxe7 Qxe7 19. gxf4 Re8 20.
Kf2 Qh4+ 21. Kg2 Be6 22. Bxe6 Rxe6 23. Bf2 Rg6+ 24. Bg3 Rd8 25. d5 Qf6 26.
b3 c6 27. Qa5 Rxd5 28. Qxa7 Rd2+ 29. Kh3 Qf7 30. Qb8+ Kh7 31. Rag1 Rxa2 32.
Bh4 Rxg1 33. Rxg1 Rb2 34. Rg3 Rxb3 35. Qd6 Rb5 36. Rg2 Rd5 37. Qb4 b5 38.
Re2 Qh5 39. Qa3 b4 40. Qe3 Bf6 41. Qa7+ Bg7 42. Kg3 Qg6+ 43. Kh3 Rd3 44.
Re3 Rd2 45. Bg3 h5 46. Qe7 Rd6 47. Bh4 c5 48. Re2 Rd3 49. Bg3 Rxf3 50. Rd2
Qg4+ 51. Kg2 Rxf4 52. h3 Qf3+ 53. Kh2 Re4 54. Qxc5 Re3 55. Rg2 b3 56. Qc7
b2 57. Rxb2 h4 58. Bf2 Qxh3+ 59. Kg1 Rd3 60. Rb1 Qg4+ 61. Kf1 h3 62. Qh2
Rd2 63. Re1 f4 64. Qh1 f3 65. Qh2 Re2 66. Qg3 Rxe1+ 67. Bxe1 Qc4+ 68. Kg1
Bd4+ 69. Kh2 Qe2+ 70. Kxh3 Qf1+ 71. Kg4 Qg2 72. Kf4 Qxg3+ 73. Kxg3 1/2-1/2

[Event "38th Olympiad w"]
[Site "Dresden GER"]
[Date "2008.11.13"]
[Round "1"]
[White "Dengler,D"]
[Black "Berzina,I"]
[Result "0-1"]
[WhiteElo "2099"]
[BlackElo "2320"]
[EventDate "2008.11.13"]

1. e4 e5 2. Nf3 Nc6 3. Bc4 Nf6 4. d3 Bc5 5. c3 O-O 6. O-O d6 7. Bb3 h6 8.
h3 a6 9. Re1 Ba7 10. Nbd2 Be6 11. Nf1 Re8 12. Ng3 d5 13. Qe2 Qd7 14. Bc2 d4
15. c4 b5 16. cxb5 axb5 17. a3 Bc5 18. Qd1 Bd6 19. Bd2 Nh7 20. Rc1 Ne7 21.
Bb3 c5 22. Bxe6 Qxe6 23. Nh4 Ng6 24. Nhf5 Bf8 25. h4 Rec8 26. Qf3 c4 27. h5
Ne7 28. Bb4 Ng5 29. Qg4 cxd3 30. Rxc8 Rxc8 31. Nxe7+ Bxe7 32. Qd1 Bxb4 33.
axb4 Qc4 34. Nf5 Qxb4 35. Kf1 d2 36. Ne7+ Qxe7 37. Qxd2 Qc5 0-1